<?xml version="1.0" encoding="UTF-8"?><?xml-stylesheet type="text/xsl" href="static/style.xsl"?><OAI-PMH xmlns="http://www.openarchives.org/OAI/2.0/" xmlns:xsi="http://www.w3.org/2001/XMLSchema-instance" xsi:schemaLocation="http://www.openarchives.org/OAI/2.0/ http://www.openarchives.org/OAI/2.0/OAI-PMH.xsd"><responseDate>2026-04-14T03:17:35Z</responseDate><request verb="GetRecord" identifier="oai:www.recercat.cat:10459.1/58789" metadataPrefix="marc">https://recercat.cat/oai/request</request><GetRecord><record><header><identifier>oai:recercat.cat:10459.1/58789</identifier><datestamp>2024-12-05T22:19:15Z</datestamp><setSpec>com_2072_3622</setSpec><setSpec>col_2072_479130</setSpec></header><metadata><record xmlns="http://www.loc.gov/MARC21/slim" xmlns:dcterms="http://purl.org/dc/terms/" xmlns:xsi="http://www.w3.org/2001/XMLSchema-instance" xmlns:doc="http://www.lyncode.com/xoai" xsi:schemaLocation="http://www.loc.gov/MARC21/slim http://www.loc.gov/standards/marcxml/schema/MARC21slim.xsd">
   <leader>00925njm 22002777a 4500</leader>
   <datafield ind2=" " ind1=" " tag="042">
      <subfield code="a">dc</subfield>
   </datafield>
   <datafield ind2=" " ind1=" " tag="720">
      <subfield code="a">García-Pausas, Jordi</subfield>
      <subfield code="e">author</subfield>
   </datafield>
   <datafield ind2=" " ind1=" " tag="720">
      <subfield code="a">Casals, Pere</subfield>
      <subfield code="e">author</subfield>
   </datafield>
   <datafield ind2=" " ind1=" " tag="720">
      <subfield code="a">Camarero, Lluís</subfield>
      <subfield code="e">author</subfield>
   </datafield>
   <datafield ind2=" " ind1=" " tag="720">
      <subfield code="a">Huguet, Carme</subfield>
      <subfield code="e">author</subfield>
   </datafield>
   <datafield ind2=" " ind1=" " tag="720">
      <subfield code="a">Thompson, Roy</subfield>
      <subfield code="e">author</subfield>
   </datafield>
   <datafield ind2=" " ind1=" " tag="720">
      <subfield code="a">Sebastià, Ma. T.</subfield>
      <subfield code="e">author</subfield>
   </datafield>
   <datafield ind2=" " ind1=" " tag="720">
      <subfield code="a">Romanyà i Socoró, Joan</subfield>
      <subfield code="e">author</subfield>
   </datafield>
   <datafield ind2=" " ind1=" " tag="260">
      <subfield code="c">2016-12-12T09:38:39Z</subfield>
   </datafield>
   <datafield ind2=" " ind1=" " tag="260">
      <subfield code="c">2025-01-01</subfield>
   </datafield>
   <datafield ind2=" " ind1=" " tag="260">
      <subfield code="c">2008</subfield>
   </datafield>
   <datafield ind2=" " ind1=" " tag="520">
      <subfield code="a">Although a large amount of soil carbon (C) is stored in subsurface soils, most studies on soil C dynamics&#xd;
focus on the upper layers. The aim of this study is to assess the factors that regulate C mineralization in&#xd;
mountain grassland soils under standard laboratory conditions to compare regulation mechanisms at&#xd;
surface and subsurface horizons. For this purpose soil samples of surface and subsurface horizons from&#xd;
35 locations were incubated under laboratory conditions, CO2 efflux rates were measured and microbial&#xd;
biomass C (MBC) and net N mineralization were determined. We also analysed the samples for pH,&#xd;
extractable C after fumigation (Cfe), potentially mineralizable N (PMN), reactive and non-reactive P, sum&#xd;
of exchangeable bases and clay content in order to assess the influence of soil characteristics on C&#xd;
mineralization. The influence of climate of each site on soil C mineralization under the same laboratory&#xd;
conditions was also explored for surface and subsurface horizons. C mineralization in surface horizons&#xd;
related positively with Cfe content, suggesting that microbial activity in this horizon was mainly regulated&#xd;
by the availability of C. By contrast, in subsurface horizons, C mineralization related with PMN and&#xd;
was independent of measured C fractions, suggesting that microbial activity in subsurface horizons was&#xd;
limited by the availability of N and that the available forms of C were more stable in these horizons. The&#xd;
effects of local climate on laboratory C mineralization were significant in both soil horizons, with lower&#xd;
rates of C mineralization being recorded in soils from wetter and warmer sites. This fact, suggested that&#xd;
the C stabilisation mechanisms in mountain grassland soils may be affected by the climate in which soils&#xd;
develop.</subfield>
   </datafield>
   <datafield ind2=" " ind1=" " tag="520">
      <subfield code="a">This study was partially funded by the European Commission (EMERGE and CarboEurope-IP projects), by the Spanish Ministry of Science and Education (CARBOPAS and Agroeco projects) and INIA (Balangeis project). CEAM is financially supported by Generalitat Valenciana and Bancaixa.</subfield>
   </datafield>
   <datafield ind1="8" ind2=" " tag="024">
      <subfield code="a">http://hdl.handle.net/10459.1/58789</subfield>
   </datafield>
   <datafield tag="653" ind2=" " ind1=" ">
      <subfield code="a">Carbon mineralization</subfield>
   </datafield>
   <datafield tag="653" ind2=" " ind1=" ">
      <subfield code="a">Climate</subfield>
   </datafield>
   <datafield tag="653" ind2=" " ind1=" ">
      <subfield code="a">Microbial biomass carbon</subfield>
   </datafield>
   <datafield tag="653" ind2=" " ind1=" ">
      <subfield code="a">Mountain grasslands</subfield>
   </datafield>
   <datafield ind2="0" ind1="0" tag="245">
      <subfield code="a">Factors regulating carbon mineralization in the surface and subsurface soils of Pyrenean mountain grasslands</subfield>
   </datafield>
</record></metadata></record></GetRecord></OAI-PMH>